000 00552nam a2200193Ia 4500
005 20260429112038.0
008 260429s9999||||xx |||||||||||||| ||und||
020 _a9781804892954
041 _aEnglish
082 _a658.562
_bRIV
100 _aRivers, Selene
245 0 _aStatistical quality control /
_cSelene Rivers
260 _aUnited Kingdom :
_bBrilliant Publication Ltd. ,
_c2025.
300 _ax, 256 p.; hb
650 _a Industrial statistics
650 _a Quality assurance
650 _aStatistical quality control
942 _cTB
999 _c52067
_d52067